000 00767nas a2200241 4500
001 BR9705646
003 BR-BrBNA
005 20231205100648.0
007 ta
008 230509b bl.|||p| |||| 00| 00por d
040 _aBR-BrBNA
_bpor
_cBiblioteca Nacional de Agricultura
041 _a(Pt)
072 _aF30
100 1 _aResende, M.D.V. de
245 1 _aDelineamento de experimentos de selecao para a maximizacao da acuracia seletiva e do progresso genetico
650 _aGenetica
650 _aAmostragem
650 _aSelecao Genotipa
650 _aMelhoramento Genetico Vegetal
773 0 _tRevista Arvore (Brazil)
_xISSN 0100-6762
_g(Oct-Dec 1995), v. 19(4) p. 479-500
_wBR9705646
909 _a202311
_bLúcia
_c55
_dLúcia Elande
942 _2AGRIS
_n0
_cANA
999 _c157311
_d157311